000 00466nab a2200145Ia 4500
003 ES-SlBCS
005 20210601134628.0
008 140529s1996 xxu||||| |||| 00| 0 spa d
041 _aspa
100 1 _aSanmartín Ascaso, Joaquín
_92778
245 0 0 _aGrafías iberizantes en los textos de la Cueva Negra
_c Joaquín Sanmartín Ascaso
651 4 _aCueva Negra
_9220668
773 0 _tAntigüedad y Cristianismo
_gnº. 13, 1996, págs. 449-452
_wRev1032
942 _cAR
999 _c615539
_d615539